<?xml version="1.0" encoding="UTF-8"?>
<record
    xmlns:xsi="http://www.w3.org/2001/XMLSchema-instance"
    xsi:schemaLocation="http://www.loc.gov/MARC21/slim http://www.loc.gov/standards/marcxml/schema/MARC21slim.xsd"
    xmlns="http://www.loc.gov/MARC21/slim">

  <leader>00520nam a22001577a 4500</leader>
  <datafield tag="999" ind1=" " ind2=" ">
    <subfield code="c">36146</subfield>
    <subfield code="d">36146</subfield>
  </datafield>
  <controlfield tag="003">CUTN</controlfield>
  <controlfield tag="005">20211203144027.0</controlfield>
  <controlfield tag="008">211203b           ||||| |||| 00| 0 eng d</controlfield>
  <datafield tag="041" ind1=" " ind2=" ">
    <subfield code="a">English</subfield>
  </datafield>
  <datafield tag="082" ind1=" " ind2=" ">
    <subfield code="a">540</subfield>
    <subfield code="b">SUD</subfield>
  </datafield>
  <datafield tag="100" ind1=" " ind2=" ">
    <subfield code="a">Sudeep, Paul (R141505)</subfield>
  </datafield>
  <datafield tag="245" ind1=" " ind2=" ">
    <subfield code="a">Synthesis and Studies on 1,3-imidazolium chloride based NHCs and its Role in Copper Catalysed C-O and C-N Bond Formation</subfield>
  </datafield>
  <datafield tag="260" ind1=" " ind2=" ">
    <subfield code="a">Thiruvarur</subfield>
    <subfield code="b">Central University of Tamil Nadu</subfield>
    <subfield code="c">February, 2021</subfield>
  </datafield>
  <datafield tag="700" ind1=" " ind2=" ">
    <subfield code="a">Vittal, Babu Gudimetla</subfield>
  </datafield>
  <datafield tag="942" ind1=" " ind2=" ">
    <subfield code="2">ddc</subfield>
    <subfield code="c">TDP</subfield>
  </datafield>
  <datafield tag="952" ind1=" " ind2=" ">
    <subfield code="0">0</subfield>
    <subfield code="1">0</subfield>
    <subfield code="2">ddc</subfield>
    <subfield code="4">0</subfield>
    <subfield code="7">1</subfield>
    <subfield code="8">NFIC</subfield>
    <subfield code="a">CUTN</subfield>
    <subfield code="b">CUTN</subfield>
    <subfield code="c">TDP</subfield>
    <subfield code="d">2021-12-03</subfield>
    <subfield code="l">0</subfield>
    <subfield code="o">540 SUD</subfield>
    <subfield code="p">T041</subfield>
    <subfield code="r">2021-12-03 00:00:00</subfield>
    <subfield code="w">2021-12-03</subfield>
    <subfield code="y">TDP</subfield>
    <subfield code="z">Thesis- Chemistry</subfield>
  </datafield>
</record>
